000 00357nam a2200133Ia 4500
008 210210b1975 xxu||||| |||| 00| 0 eng d
082 _a332.0415 PARI
100 _aPAREKH (H T ).
245 _aIndian capital market past present and future.
260 _aBombay
_bThe A D Shroff memorial trust
_c1975
300 _a28
690 _aBanking
906 _a031280
999 _c82332
_d82332